| 000 | 01054nam a2200325 i 4500 | ||
|---|---|---|---|
| 001 | 000037874 | ||
| 003 | DO-SdBNP | ||
| 005 | 20251121123935.0 | ||
| 007 | ta | ||
| 008 | 130307d1997 dr 000 0 spa d | ||
| 040 |
_aDO-SdBNP _bspa _cBNPHU _erda |
||
| 041 | _aspa | ||
| 082 | 4 |
_a306.8 _bA561m 1997 _222 |
|
| 100 | 1 |
_aAndrés, Mateo, _d1946- _eautor _4aut. _97205 |
|
| 245 | 1 | 0 |
_aMatrimonio adulto : _bintroducción al diálogo matrimonial / _cMateo Andrés. |
| 250 | _aDécimotercera edición | ||
| 264 | 4 |
_aSanto Domingo , R.D. : _bEdiciones MSC, _c©1997. |
|
| 300 |
_a138 páginas ; _c22 cm. |
||
| 336 |
_atexto _btxt _2rdacontent |
||
| 337 |
_asin mediación _bn _2rdamedia |
||
| 338 |
_avolumen _bnc _2rdacarrier |
||
| 590 | _aInventariado, 2018/DG | ||
| 650 | 4 |
_aMatrimonio _xAspectos morales _9797 |
|
| 650 | 4 |
_aEducación para la vida familiar _92729 |
|
| 650 | 4 |
_aMatrimonio _xAspectos religiosos _92391 |
|
| 650 | 4 |
_aVida cristiana _9668 |
|
| 650 | 4 |
_aFamilias _9795 |
|
| 910 | _aValidado. Control de calidad MFF | ||
| 942 |
_2ddc _cLBS1 |
||
| 999 |
_c37364 _d37364 |
||